00000000nam 2200000zi 4500
0019.867077
003CaOODSP
00520250203103526
006m     o  d f      
007cr cn|||||||||
008190114t20192019bcca    ob   f000 0 ||| d
020 |a9780660292908
040 |aCaOODSP|beng|erda|cCaOODSP
041 7|aikt|2iso639-3
043 |an-cn---
0861 |aCP32-163/1-2017Ikt-PDF|zCP32-163/1-2017Inq-PDF
1102 |aNational Inquiry into Missing and Murdered Indigenous Women and Girls (Canada)|eauthor, |eissuing body.
24510|aArnavut arnaruhiqpullu iqhiyut : |biluaniituniklu uniklutiniklu / |cHilaryuami Ihiviuktauhimakpaktunik Apikhuukhimakhutik tahapkunani Tamakpakhimavaktunik uvunalu Tuukutauvaktuniklu Nunataakakhimayunik Aviktuinikmun Inungni Anngnanik unalu Anngnakgutiniklu.
250 |a[Inuinnaqtun edition].
264 1|aVancouver, BC : |bNational Inquiry into Missing and Murdered Indigenous Women and Girls, |c[2019]
264 4|c©2019
300 |a1 online resource (viii, 149 pages) : |bcolour illustrations
336 |atext|btxt|2rdacontent
337 |acomputer|bc|2rdamedia
338 |aonline resource|bcr|2rdacarrier
500 |aIssued also in English under title: Our women and girls are sacred: interim report.
504 |aIncludes bibliographical references.
546 |aText in Inuinnaqtun.
650 0|aMissing persons|xInvestigation|zCanada.
650 0|aIndigenous women|xCrimes against|zCanada.
650 0|aIndigenous women|xViolence against|zCanada.
77508|tOur women and girls are sacred : |w(CaOODSP)9.843833
792 |tArnavut arnaruhiqpullu iqhiyut : |efre|w(CaOODSP)9.867078
85640|qPDF|s13.26 MB|uhttps://publications.gc.ca/collections/collection_2021/ffada-mmiwg/CP32-163-1-2017-inq.pdf